| 000 | 00792nam0a22002651 4500 | ||
|---|---|---|---|
| 001 | RU\NLR\A1SV\91222 | ||
| 005 | 20251203171251.9 | ||
| 035 | _a(NLR Aleph) 009772577 | ||
| 090 |
_a10061773 _c10061773 |
||
| 100 | _a20081217d1924 u y0rusy50 ca | ||
| 101 | 0 | _arus | |
| 102 | _aRU | ||
| 200 | 1 |
_aИнструкция по ведению счетоводства и отчетности в учреждениях Московского отдела народного образования _fМОНО |
|
| 210 |
_aМ. _cМОНО _d1924 |
||
| 215 |
_a47, [61] с. _d25 см |
||
| 620 | _dМосква | ||
| 801 | 0 |
_aRU _bNLR _c20081217 |
|
| 899 | _aРГБ | ||
| 899 | _aСПбГУ | ||
| 899 | _aСПбГУ | ||
| 899 | _aРГБ | ||
| 942 | _cBOOK | ||
| 980 | _aNB | ||
| 980 | _aA1SV | ||